[Event "Trondheim Pokal TSF"]
[Site "Trondheim"]
[Date "2020.09.21"]
[Round "3"]
[White "Berg Jensen, Joachim"]
[Black "Monsoy, Arild Edin"]
[Result "1-0"]
[WhiteElo "2221"]
[BlackElo "1880"]
[PlyCount "57"]
[EventDate "2020.09.07"]
[EventType "swiss"]
[EventRounds "9"]
[EventCountry "NOR"]
[SourceTitle "EXT 2024"]
[Source "ChessBase"]
[SourceDate "2023.10.10"]
[SourceVersion "1"]
[SourceVersionDate "2023.10.10"]
[SourceQuality "1"]

1. d4 Nf6 2. Nf3 d6 3. c4 Nbd7 4. Nc3 g6 5. e4 Bg7 6. e5 Ng8 7. Bf4 dxe5 8. dxe5 e6 9. Qd2 h6 10. h4 Ne7 11. 0-0-0 b6 12. Ne4 Bb7 13. Bd3 Qc8 14. Bc2 a6 15. Qc3 Bxe4 16. Bxe4 Rb8 17. g4 Nc5 18. Bc2 a5 19. Qe3 Qb7 20. Nd4 Nc6 21. Nb5 Nb4 22. Bb1 Ke7 23. h5 Rbd8 24. Rhe1 Rxd1+ 25. Rxd1 Rd8 26. Nd4 Nba6 27. Bxh6 Rxd4 28. Bg5+ f6 29. exf6+ 1-0

[Event "NOR-chT Club"]
[Site "Kristiansund"]
[Date "2017.10.21"]
[Round "3.7"]
[White "Darnell, Anton"]
[Black "Berg Jensen, Joachim"]
[Result "1/2-1/2"]
[WhiteElo "2078"]
[BlackElo "2175"]
[PlyCount "51"]
[EventDate "2017.10.20"]
[EventType "team-tourn"]
[EventRounds "6"]
[EventCountry "NOR"]
[SourceTitle "CBM 181 Extra"]
[Source "ChessBase"]
[SourceDate "2017.12.12"]
[SourceVersion "1"]
[SourceVersionDate "2017.12.12"]
[SourceQuality "1"]
[WhiteTeam "Kristiansund"]
[BlackTeam "Trondheim"]
[WhiteTeamCountry "NOR"]
[BlackTeamCountry "NOR"]

1. d4 d5 2. Bf4 e6 3. e3 Nf6 4. Nf3 Bd6 5. Bg3 Ne4 6. Bh4 Be7 7. Bxe7 Qxe7 8. c3 0-0 9. Nbd2 Nxd2 10. Qxd2 c5 11. Bd3 Nc6 12. 0-0 Rd8 13. Qc2 h6 14. Bb5 Bd7 15. Rad1 Nxd4 16. Nxd4 cxd4 17. Bxd7 Rxd7 18. Rxd4 e5 19. Rd2 Rad8 20. Rfd1 d4 21. cxd4 exd4 22. exd4 Rxd4 23. Kf1 Rxd2 24. Rxd2 Rxd2 25. Qxd2 Qe4 26. a3 1/2-1/2

[Event "NOR-chT 1415"]
[Site "Norway"]
[Date "2015.03.06"]
[Round "9"]
[White "Haldorsen, Benjamin"]
[Black "Berg Jensen, Joachim"]
[Result "1-0"]
[WhiteElo "2184"]
[BlackElo "2197"]
[PlyCount "63"]
[EventDate "2014.10.31"]
[EventType "team-tourn"]
[EventRounds "11"]
[EventCountry "NOR"]
[SourceTitle "EXT 2016"]
[Source "ChessBase"]
[SourceDate "2015.10.08"]
[SourceVersion "1"]
[SourceVersionDate "2015.10.08"]
[SourceQuality "1"]
[WhiteTeam "Bergens"]
[BlackTeam "SOSS"]
[WhiteTeamCountry "NOR"]
[BlackTeamCountry "NOR"]

1. e4 b6 2. d4 Bb7 3. Bd3 f5 4. exf5 Bxg2 5. Qh5+ g6 6. fxg6 Bg7 7. gxh7+ Kf8 8. hxg8Q+ Kxg8 9. Qg4 Bxh1 10. Nc3 Nc6 11. Nge2 e6 12. Bg5 Qf8 13. f4 Nb4 14. Bg6 Nd5 15. Nxd5 Bxd5 16. 0-0-0 c5 17. h4 cxd4 18. h5 Rc8 19. Rg1 d6 20. Bd3 Rc7 21. h6 e5 22. f5 e4 23. hxg7 Rxg7 24. f6 Rg6 25. Bxe4 Bxe4 26. Qxe4 Rhh6 27. Bxh6 Qxh6+ 28. Kb1 Rxg1+ 29. Nxg1 Qh5 30. Qe6+ Kh7 31. Qh3 Kg6 32. Qxh5+ 1-0

[Event "NOR-chT 1415"]
[Site "Norway"]
[Date "2015.01.10"]
[Round "5.6"]
[White "Haug, Johannes"]
[Black "Berg Jensen, Joachim"]
[Result "1-0"]
[WhiteElo "2175"]
[BlackElo "2197"]
[PlyCount "165"]
[EventDate "2014.10.31"]
[EventType "team-tourn"]
[EventRounds "11"]
[EventCountry "NOR"]
[SourceTitle "EXT 2016"]
[Source "ChessBase"]
[SourceDate "2015.10.08"]
[SourceVersion "1"]
[SourceVersionDate "2015.10.08"]
[SourceQuality "1"]
[WhiteTeam "Nordstrand"]
[BlackTeam "SOSS"]
[WhiteTeamCountry "NOR"]
[BlackTeamCountry "NOR"]

1. e4 b6 2. d4 Bb7 3. Nd2 e6 4. Ngf3 Ne7 5. c3 g6 6. Bc4 Bg7 7. Bb3 d5 8. exd5 Nxd5 9. 0-0 0-0 10. Re1 Nd7 11. Ne4 N7f6 12. Bc2 Ne7 13. Nxf6+ Bxf6 14. Be4 Bxe4 15. Rxe4 Nf5 16. Bf4 Rc8 17. Qa4 Qd5 18. Rae1 Nd6 19. R4e2 Qc4 20. Qxc4 Nxc4 21. b3 Nd6 22. Ne5 Bxe5 23. dxe5 Nb5 24. Rc2 c5 25. a4 Nc7 26. Bg5 c4 27. b4 Nd5 28. Rd1 Kg7 29. h4 Rc7 30. Rd4 h6 31. Bc1 a6 32. Kf1 b5 33. a5 Rd8 34. Rcd2 Rdc8 35. Rxd5 exd5 36. Rxd5 Re8 37. Be3 Rce7 38. g3 g5 39. h5 f6 40. exf6+ Kxf6 41. Bd4+ Ke6 42. Re5+ Kd7 43. Rd5+ Kc6 44. Rc5+ Kb7 45. Rf5 Re1+ 46. Kg2 Rd1 47. Rf7+ Kb8 48. Ba7+ Ka8 49. Bc5 Re6 50. Bb6 g4 51. Rf4 Rd3 52. Bd4 Rd6 53. Bg7 R3d5 54. Rxg4 Rxh5 55. Bd4 Rhd5 56. Bc5 Rc6 57. Bd4 Rcd6 58. Bc5 Rc6 59. Bd4 Kb7 60. Re4 Rcd6 61. Bc5 Rc6 62. Bd4 Kc7 63. Re7+ Rd7 64. Re4 Kb7 65. f4 Rcd6 66. Kf3 Kc6 67. f5 Rf7 68. Kf4 Rd5 69. g4 h5 70. Re6+ Kd7 71. Rxa6 hxg4 72. Ra7+ Ke8 73. Ra8+ Kd7 74. Ra7+ Ke8 75. Rxf7 Rxd4+ 76. Ke5 Rd3 77. Rg7 Rxc3 78. a6 Ra3 79. a7 Kf8 80. Rc7 Re3+ 81. Kf6 Re8 82. Rb7 c3 83. Rb8 1-0

[Event "NOR-chT 1415"]
[Site "Norway"]
[Date "2014.11.02"]
[Round "3"]
[White "Holm, Kristian Stuvik"]
[Black "Berg Jensen, Joachim"]
[Result "1/2-1/2"]
[WhiteElo "2330"]
[BlackElo "2197"]
[PlyCount "73"]
[EventDate "2014.10.31"]
[EventType "team-tourn"]
[EventRounds "11"]
[EventCountry "NOR"]
[SourceTitle "EXT 2016"]
[Source "ChessBase"]
[SourceDate "2015.10.08"]
[SourceVersion "1"]
[SourceVersionDate "2015.10.08"]
[SourceQuality "1"]
[WhiteTeam "Valerenga"]
[BlackTeam "SOSS"]
[WhiteTeamCountry "NOR"]
[BlackTeamCountry "NOR"]

1. d4 d5 2. c4 e6 3. Nc3 Nf6 4. Nf3 Be7 5. Bg5 0-0 6. e3 h6 7. Bxf6 Bxf6 8. Qc2 b6 9. 0-0-0 Nc6 10. h4 Nb4 11. Qb3 c5 12. a3 cxd4 13. Nxd4 Bxd4 14. exd4 Nc6 15. cxd5 Na5 16. Qa2 Qf6 17. f3 Rd8 18. dxe6 Bxe6 19. d5 Qf4+ 20. Kb1 Rac8 21. Bd3 Bf5 22. Ne4 b5 23. Ka1 Nc4 24. Bxc4 Rxc4 25. Qb3 Bxe4 26. fxe4 Rxe4 27. Rhf1 Qe5 28. d6 Rxd6 29. Qxf7+ Kh7 30. Rxd6 Qxd6 31. h5 Qe6 32. Qxa7 Re1+ 33. Rxe1 Qxe1+ 34. Ka2 Qe6+ 35. Ka1 Qe1+ 36. Ka2 Qe6+ 37. Ka1 1/2-1/2

[Event "NOR-chT Ishav 0708"]
[Site "Oslo"]
[Date "2008.01.13"]
[Round "6"]
[White "Berg Jensen, Joachim"]
[Black "Tjoelsen, Katrine"]
[Result "0-1"]
[WhiteElo "2091"]
[BlackElo "2065"]
[PlyCount "80"]
[EventDate "2007.11.09"]
[EventType "team-swiss"]
[EventRounds "9"]
[EventCountry "NOR"]
[SourceTitle "EXT 2010"]
[Source "ChessBase"]
[SourceDate "2010.11.25"]
[SourceVersion "1"]
[SourceVersionDate "2010.11.25"]
[SourceQuality "1"]

1. d4 Nf6 2. Bg5 Ne4 3. Bf4 d5 4. Nd2 Bf5 5. Ngf3 e6 6. e3 Nd7 7. Nxe4 Bxe4 8. Nd2 Bg6 9. c4 dxc4 10. Bxc4 Bd6 11. Bxd6 cxd6 12. 0-0 0-0 13. Nb3 Rc8 14. Bd3 Bxd3 15. Qxd3 a6 16. Rac1 b5 17. Rc2 Nb6 18. Rfc1 Nc4 19. Nd2 Nxb2 20. Qa3 Rxc2 21. Rxc2 Na4 22. Rc6 Qa5 23. Nf3 b4 24. Qd3 Qb5 25. Qxb5 axb5 26. Rxd6 Rc8 27. g3 h6 28. Ne5 Rc2 29. Rd8+ Kh7 30. Nd3 Rxa2 31. Nxb4 Rb2 32. Na6 Nc3 33. Rb8 Nd1 34. Nc7 Nxf2 35. Rxb5 Nh3+ 36. Kh1 Re2 37. Rb1 Nf2+ 38. Kg2 Rc2 39. Nb5 Ng4+ 40. Kf3 f5 0-1

[Event "NOR-chT Ishav 0708"]
[Site "Oslo"]
[Date "2007.11.10"]
[Round "2"]
[White "Gabrielsen, Trond"]
[Black "Berg Jensen, Joachim"]
[Result "1-0"]
[WhiteElo "2285"]
[BlackElo "2091"]
[PlyCount "39"]
[EventDate "2007.11.09"]
[EventType "team-swiss"]
[EventRounds "9"]
[EventCountry "NOR"]
[SourceTitle "EXT 2010"]
[Source "ChessBase"]
[SourceDate "2010.11.25"]
[SourceVersion "1"]
[SourceVersionDate "2010.11.25"]
[SourceQuality "1"]

1. e4 e6 2. d4 d5 3. Nc3 Nf6 4. Bg5 Be7 5. e5 Nfd7 6. h4 Bxg5 7. hxg5 Qxg5 8. Nh3 Qe7 9. Nf4 Nc6 10. Qd3 Qb4 11. 0-0-0 Ndxe5 12. Qg3 Nc4 13. Bxc4 Qxc4 14. Qxg7 Rf8 15. Rxh7 Ne7 16. Nh5 Nf5 17. Nf6+ Ke7 18. Ng8+ Ke8 19. Qg5 Qb4 20. Nf6+ 1-0

[Event "NOR-chT 0607"]
[Site "Oslo"]
[Date "2007.03.09"]
[Round "7"]
[White "Bentsen, Oyvind"]
[Black "Berg Jensen, Joachim"]
[Result "0-1"]
[WhiteElo "2180"]
[BlackElo "2232"]
[PlyCount "90"]
[EventDate "2006.11.10"]
[EventType "team"]
[EventRounds "9"]
[EventCountry "NOR"]
[SourceTitle "EXT 2008"]
[Source "ChessBase"]
[SourceDate "2007.11.25"]
[SourceVersion "1"]
[SourceVersionDate "2007.11.25"]
[SourceQuality "1"]

1. e4 e6 2. d4 d5 3. exd5 exd5 4. Bd3 Nc6 5. c3 Bd6 6. Qf3 Nf6 7. h3 h6 8. Ne2 Qe7 9. Bf4 Bd7 10. Bxd6 Qxd6 11. Na3 0-0-0 12. 0-0-0 a6 13. Ng3 Ne7 14. Rde1 Ng6 15. Bxg6 fxg6 16. Kb1 Rhe8 17. c4 Rxe1+ 18. Rxe1 dxc4 19. Ne2 Bf5+ 20. Ka1 Be4 21. Nxc4 Bxf3 22. Nxd6+ cxd6 23. gxf3 Re8 24. Rc1+ Kd7 25. Nc3 d5 26. Kb1 Kd6 27. Rg1 g5 28. f4 Nh7 29. fxg5 Nxg5 30. f4 Ne6 31. Ne2 Rf8 32. Kc2 g5 33. fxg5 hxg5 34. Rg3 Rh8 35. Kc3 Rh4 36. Rd3 Nf4 37. Nxf4 gxf4 38. a4 Ke6 39. Kb4 Kf5 40. Kc5 Ke4 41. Rd1 f3 42. b4 f2 43. Rf1 Rh6 44. b5 b6+ 45. Kb4 a5+ 0-1

[Event "NOR-ch U18"]
[Site "Karmoy"]
[Date "2003.09.27"]
[Round "2"]
[White "Berg Jensen, Joachim"]
[Black "Engh, Erling"]
[Result "1-0"]
[WhiteElo "2070"]
[BlackElo "668"]
[PlyCount "63"]
[EventDate "2003.09.??"]
[EventType "swiss"]
[EventRounds "7"]
[EventCountry "NOR"]
[SourceTitle "EXT 2005"]
[Source "ChessBase"]
[SourceDate "2004.11.15"]
[SourceVersion "1"]
[SourceVersionDate "2004.11.15"]
[SourceQuality "1"]

1. d4 d5 2. e4 c6 3. e5 h6 4. Bd3 e6 5. c3 Ne7 6. Ne2 Nd7 7. 0-0 a6 8. f4 c5 9. Kh1 c4 10. Bc2 Nc6 11. f5 Nb6 12. fxe6 Bxe6 13. Nf4 Ne7 14. Nxe6 fxe6 15. a4 a5 16. Na3 Qd7 17. Nb5 Kd8 18. b3 cxb3 19. Bxb3 Nc4 20. Bxc4 dxc4 21. Nd6 Nf5 22. Nxc4 Rc8 23. Nb6 Qc6 24. Nxc8 Kxc8 25. d5 exd5 26. Rxf5 Qxc3 27. Bf4 Ba3 28. e6 d4 29. Rxa3 Qxa3 30. Qc2+ Kd8 31. Qc7+ Ke8 32. Qd7# 1-0

[Event "NOR-ch U18"]
[Site "Karmoy"]
[Date "2003.09.27"]
[Round "3"]
[White "Time, Jonathan"]
[Black "Berg Jensen, Joachim"]
[Result "0-1"]
[WhiteElo "1234"]
[BlackElo "2070"]
[PlyCount "66"]
[EventDate "2003.09.??"]
[EventType "swiss"]
[EventRounds "7"]
[EventCountry "NOR"]
[SourceTitle "EXT 2005"]
[Source "ChessBase"]
[SourceDate "2004.11.15"]
[SourceVersion "1"]
[SourceVersionDate "2004.11.15"]
[SourceQuality "1"]

1. d4 f5 2. Bg5 g6 3. Nc3 d5 4. Nf3 Bg7 5. e3 Nf6 6. Be2 0-0 7. h4 Ne4 8. Bf4 h6 9. h5 g5 10. Be5 Nf6 11. Nb5 Na6 12. c4 c6 13. Nc3 Nc7 14. Bxc7 Qxc7 15. Qb3 e6 16. Ne5 Ne4 17. Ng6 Rf7 18. Rc1 Qd8 19. Nxe4 fxe4 20. 0-0 Qd6 21. Bg4 b6 22. Rc3 Ba6 23. Be2 Bb7 24. Qa3 Qd7 25. b4 a6 26. Qb3 c5 27. Rd1 cxd4 28. exd4 e5 29. Nxe5 Bxe5 30. dxe5 d4 31. e6 Qxe6 32. Rxd4 Qf6 33. Rd1 Qxf2+ 0-1

[Event "NOR-ch Junior"]
[Site "Fredrikstad"]
[Date "2003.07.07"]
[Round "4"]
[White "Berg Jensen, Joachim"]
[Black "Sending, Stale Andre"]
[Result "0-1"]
[WhiteElo "2070"]
[BlackElo "1968"]
[PlyCount "102"]
[EventDate "2003.07.??"]
[EventType "swiss"]
[EventRounds "7"]
[EventCountry "NOR"]
[SourceTitle "CBM 095 Extra"]
[Source "ChessBase"]
[SourceDate "2003.09.04"]
[SourceVersion "1"]
[SourceVersionDate "2003.09.04"]
[SourceQuality "1"]

1. d4 f5 2. g3 Nf6 3. Bg2 g6 4. Nf3 Bg7 5. 0-0 0-0 6. c4 d6 7. Nc3 Nc6 8. d5 Ne5 9. Nxe5 dxe5 10. Qb3 e4 11. Rd1 Nd7 12. Be3 Be5 13. c5 Kg7 14. a4 b6 15. f4 exf3 16. Bxf3 bxc5 17. Qc4 Bd6 18. Qh4 Rf7 19. Rf1 Rb8 20. Nb5 a6 21. Na7 Bb7 22. Nc6 Bxc6 23. dxc6 Nf8 24. Qc4 Rb4 25. Qxa6 Rxb2 26. Qc4 Rb4 27. Qc3+ Kg8 28. a5 f4 29. Bxc5 Rb5 30. Bxd6 exd6 31. a6 fxg3 32. a7 Qh4 33. h3 Qxh3 34. Rf2 gxf2+ 35. Kxf2 Qh4+ 36. Kf1 Qh1+ 37. Kf2 Qh4+ 38. Ke3 d5 39. Kd2 Rxf3 40. exf3 Qf2+ 41. Kd3 Qxf3+ 42. Kd2 Qf2+ 43. Kd3 Ne6 44. a8Q+ Kf7 45. Qd2 Nc5+ 46. Kc2 Rb2+ 47. Kxb2 Qxd2+ 48. Kb1 Nd3 49. Qh8 Qd1+ 50. Ka2 Qa4+ 51. Kb1 Qb3+ 0-1

[Event "Troll Masters"]
[Site "Gausdal"]
[Date "2001.01.08"]
[Round "5"]
[White "Berg Jensen, Joachim"]
[Black "Gausel, Einar"]
[Result "0-1"]
[WhiteElo "2231"]
[BlackElo "2481"]
[PlyCount "58"]
[EventDate "2001.01.05"]
[EventType "swiss"]
[EventRounds "9"]
[EventCountry "NOR"]
[SourceTitle "CBM 080 Extra"]
[Source "ChessBase"]
[SourceDate "2001.03.08"]
[SourceVersion "1"]
[SourceVersionDate "2001.03.08"]
[SourceQuality "1"]

1. d4 Nf6 2. Bg5 e6 3. e4 h6 4. Bxf6 Qxf6 5. Nc3 d6 6. Qd2 g5 7. 0-0-0 Bg7 8. g3 Nc6 9. Bb5 0-0 10. Bxc6 bxc6 11. f4 c5 12. Nge2 cxd4 13. Nxd4 Bb7 14. fxg5 hxg5 15. Rhf1 Qg6 16. Qe3 Rab8 17. g4 Be5 18. Qe2 Qg7 19. Qf2 a5 20. Rh1 a4 21. a3 c5 22. Nde2 Ba6 23. h4 gxh4 24. Rh3 Rb7 25. Rdh1 Rfb8 26. Nxa4 Bxe2 27. Qxe2 Ra7 28. Nc3 Qg5+ 29. Kd1 Rxb2 0-1

[Event "Nordic Cup tt U18"]
[Site "Malmo"]
[Date "2001.??.??"]
[Round "3"]
[White "Topi Hulmi, Teemu"]
[Black "Berg Jensen, Joachim"]
[Result "1-0"]
[WhiteElo "2106"]
[BlackElo "2231"]
[PlyCount "71"]
[EventDate "2001.??.??"]
[EventType "team"]
[EventRounds "3"]
[EventCountry "SWE"]
[SourceTitle "EXT 2002"]
[Source "ChessBase"]
[SourceDate "2001.11.25"]
[SourceVersion "1"]
[SourceVersionDate "2001.11.25"]
[SourceQuality "1"]

1. e4 e6 2. d4 d5 3. Nd2 Nf6 4. e5 Nfd7 5. Bd3 c5 6. c3 Nc6 7. Ne2 Qb6 8. Nf3 Be7 9. 0-0 0-0 10. Re1 Re8 11. Nf4 Nf8 12. b3 cxd4 13. cxd4 Ng6 14. Nxg6 hxg6 15. Bb2 Bd7 16. Rc1 Rec8 17. Bb1 Rc7 18. h4 Rac8 19. Ng5 Bxg5 20. hxg5 a5 21. Qg4 a4 22. Qh4 axb3 23. a3 Na5 24. Rxc7 Rxc7 25. Re3 Nc4 26. Rh3 Kf8 27. Qh8+ Ke7 28. Qxg7 Be8 29. Rh8 Kd8 30. Bc3 Nxa3 31. Bxg6 fxg6 32. Qf6+ Re7 33. Rh7 Qc7 34. Ba5 Kc8 35. Bxc7 Rxh7 36. Qd8# 1-0

[Event "EU-ch U18"]
[Site "Chalkidiki"]
[Date "2000.10.04"]
[Round "3"]
[White "Berg Jensen, Joachim"]
[Black "Potkin, Vladimir"]
[Result "0-1"]
[WhiteElo "2231"]
[BlackElo "2420"]
[PlyCount "90"]
[EventDate "2000.10.02"]
[EventType "swiss"]
[EventRounds "9"]
[EventCountry "GRE"]
[SourceTitle "CBM 078 Extra"]
[Source "ChessBase"]
[SourceDate "2000.11.10"]
[SourceVersion "1"]
[SourceVersionDate "2000.11.10"]
[SourceQuality "1"]

1. d4 e6 2. e4 d5 3. e5 c5 4. c3 Nc6 5. Nf3 Qb6 6. a3 Nh6 7. b4 cxd4 8. cxd4 Nf5 9. Be3 Nxe3 10. fxe3 g6 11. Bd3 Bh6 12. Qe2 0-0 13. 0-0 f6 14. exf6 Rxf6 15. Kh1 Bd7 16. Nc3 a6 17. Na4 Qc7 18. Nc5 Raf8 19. Rac1 Bc8 20. Bb1 Kh8 21. Nd3 Qe7 22. Nde5 Nxe5 23. dxe5 R6f7 24. Bd3 d4 25. Nxd4 Rxf1+ 26. Rxf1 Rxf1+ 27. Qxf1 Bxe3 28. Nf3 Qc7 29. Nd2 Kg8 30. Nc4 Bd4 31. Qf6 b5 32. Nd2 Bxe5 33. Qh4 Kg7 34. Nf1 Bb7 35. Qg4 Qd6 36. Qe2 Qd4 37. Qc2 Qb2 38. Ne3 Qd4 39. Qc5 Qxc5 40. bxc5 Bd4 41. Nc2 Bxc5 42. h3 Kf6 43. Kh2 Bc6 44. Kg3 Ke5 45. h4 a5 0-1